000
00306nam a22001217a 4500
999
_c
534149
_d
534149
040
_c
MSOHAIL
082
_a
891.43909
100
_a
Sajjad Zaheer / سجاد ظہیر
_9
28295
245
_a
Roshnai / روشنائی
260
_a
Karachi
_b
Zakki Sons Printers
_c
c2005
300
_a
364;p
942
_2
ddc
_c
BK